000 00804nam0a22002651 4500
001 rc\4913148
005 20250612203421.0
021 _aRU
_b[67-103486]
035 _a(NLR Aleph) 008838083
090 _a8325178
_c8325178
100 _a20130426d1967 |||y0rusy50 ca
101 0 _arus
102 _aRU
105 _ay z |||a|
200 1 _aСтихи
210 _aБарнаул
_cАлт. кн. изд-во
_d1967
215 _a70 с.
_d14
300 _aВ конце книги сост.: М. Юдалевич
700 1 _4570
_7ca
_8rus
_aФролов
_bИ. Е.
_cпоэт
_f1918-1957
_gИван Ефимович
_9211871
_3RU\NLR\AUTH\770211927
702 1 _aЮдалевич
_bМ.
_4220
801 0 _aRU
_bNLR
_gpsbo
801 1 _aRU
_bELAR
_2rusmarc
852 _aNLR
_j68-1/46
942 _cBOOK
980 _aNB